K terminologickým otázkam v systéme služieb a spoločného stravovania

Otázky terminológie v ekonomike cestovného ruchu a osobitne v ekonomike spoločného stravovania. Niektoré terminologické problémy. Kategorizácia odbytových stredísk.

Salvato in:
Dettagli Bibliografici
Autore principale: Sniščák, Vincent
Natura: Capitolo di libro
Lingua:slovacco
Soggetti:
Tags: Aggiungi Tag
Nessun Tag, puoi essere il primo ad aggiungerne!!

MARC

LEADER 00000naa$a2200000$$$4500
001 0029157
005 20220606101957.7
041 0 |a slo 
044 |a SK 
245 1 0 |a K terminologickým otázkam v systéme služieb a spoločného stravovania  |c Vincent Sniščák 
520 |a Otázky terminológie v ekonomike cestovného ruchu a osobitne v ekonomike spoločného stravovania. Niektoré terminologické problémy. Kategorizácia odbytových stredísk. 
610 2 0 |a stravovanie spoločné 
610 2 0 |a terminológia 
610 2 0 |a teória a prax 
100 1 |a Sniščák, Vincent